[Event "Groningen Chess Festival 2010 - Open"]
[Site "Groningen NED"]
[Date "2010.12.30"]
[Round "9.11"]
[White "Lobzhanidze, Davit"]
[Black "Willemze, Thomas"]
[Result "1-0"]
[WhiteElo "2496"]
[BlackElo "2394"]
[PlyCount "83"]
[EventDate "2010.12.21"]
[EventType "swiss"]
[EventRounds "9"]
[EventCountry "NED"]
[Source "lmi"]
[SourceDate "2010.12.21"]

1. e4 c6 2. d4 d5 3. Nc3 dxe4 4. Nxe4 Bf5 5. Nc5 b6 6. Nb3 e6 7. Nf3 Bd6 8. g3
Qc8 9. Qe2 Ne7 10. Bg2 Qa6 11. c4 Nd7 12. O-O O-O 13. Ne5 Bxe5 14. dxe5 Ng6 15.
f4 h5 16. h3 Ne7 17. Be3 Rad8 18. Rfd1 c5 19. Rd6 Nb8 20. Nxc5 Qc8 21. Nb7 Bxh3
22. Rxd8 Rxd8 23. Nxd8 Bxg2 24. Kxg2 Qxd8 25. Rd1 Qc8 26. Qxh5 Nd7 27. b3 Nf8
28. Qf3 Nfg6 29. Bf2 Nf5 30. Qe4 Nh6 31. a4 Qf8 32. Rd6 Nf5 33. Rd3 Nh6 34. Rd6
Nf5 35. Rd3 Nh6 36. Qb7 Qa3 37. Qxa7 Qc1 38. Qa8+ Kh7 39. Qf3 Qc2 40. Qd1 Qb2
41. Qd2 Qb1 42. Bxb6 1-0

[Event "Groningen Chess Festival 2010 - Open"]
[Site "Groningen NED"]
[Date "2010.12.30"]
[Round "9.12"]
[White "Poetsch, Hagen"]
[Black "Baghdasaryan, Vahe"]
[Result "1/2-1/2"]
[WhiteElo "2408"]
[BlackElo "2303"]
[PlyCount "86"]
[EventDate "2010.12.21"]
[EventType "swiss"]
[EventRounds "9"]
[EventCountry "NED"]
[Source "lmi"]
[SourceDate "2010.12.21"]

1. e4 c5 2. Nf3 e6 3. c3 Nf6 4. e5 Nd5 5. d4 cxd4 6. cxd4 d6 7. Bc4 Nc6 8. O-O
Be7 9. exd6 Bxd6 10. Nc3 O-O 11. Ne4 b6 12. Bg5 Be7 13. Bxe7 Ndxe7 14. Re1 Bb7
15. Qd2 Rc8 16. Rad1 Na5 17. Bd3 Nf5 18. Qe2 Qd5 19. Nc3 Nxd4 20. Bxh7+ Kxh7
21. Rxd4 Qf5 22. Ne5 Rfd8 23. Rh4+ Kg8 24. Rh5 Qf6 25. Ne4 Bxe4 26. Qxe4 g6 27.
Rh3 Qf5 28. Qe2 Rc2 29. Qe3 Nc4 30. Nxc4 Rxc4 31. Rf3 Re4 32. Rxf5 Rxe3 33.
fxe3 exf5 34. Kf2 Kg7 35. Re2 Kf6 36. h4 Ke5 37. Kf3 Rd3 38. g3 Rd1 39. Rc2
Rf1+ 40. Ke2 Ra1 41. a3 Rb1 42. Kf3 a5 43. a4 Rf1+ 1/2-1/2

[Event "Groningen Chess Festival 2010 - Open"]
[Site "Groningen NED"]
[Date "2010.12.30"]
[Round "9.13"]
[White "Pruijssers, Roeland"]
[Black "Stjazhkina, Olga"]
[Result "1/2-1/2"]
[WhiteElo "2487"]
[BlackElo "2240"]
[PlyCount "64"]
[EventDate "2010.12.21"]
[EventType "swiss"]
[EventRounds "9"]
[EventCountry "NED"]
[Source "lmi"]
[SourceDate "2010.12.21"]

1. e4 e5 2. Nf3 Nf6 3. Nxe5 d6 4. Nf3 Nxe4 5. Nc3 Nxc3 6. dxc3 Be7 7. Bf4 Nc6
8. Qd2 Bg4 9. Be2 Qd7 10. O-O-O a6 11. h3 Be6 12. Ng5 Bxg5 13. Bxg5 f6 14. Be3
O-O-O 15. b3 Rhe8 16. g4 Bf7 17. h4 Ne5 18. Rhg1 Be6 19. Qd4 c5 20. Qf4 Qc6 21.
c4 d5 22. cxd5 Bxd5 23. g5 c4 24. bxc4 Be4 25. Bd4 Nf3 26. Ba7 Rxd1+ 27. Rxd1
Re5 28. gxf6 Qa4 29. Rd2 Qa3+ 30. Kb1 Qb4+ 31. Kc1 Qa3+ 32. Kb1 Qb4+ 1/2-1/2

[Event "Groningen Chess Festival 2010 - Open"]
[Site "Groningen NED"]
[Date "2010.12.30"]
[Round "9.15"]
[White "Carlstedt, Jonathan"]
[Black "Aronov, Igor"]
[Result "1-0"]
[WhiteElo "2392"]
[BlackElo "2207"]
[PlyCount "91"]
[EventDate "2010.12.21"]
[EventType "swiss"]
[EventRounds "9"]
[EventCountry "NED"]
[Source "lmi"]
[SourceDate "2010.12.21"]

1. c4 Nc6 2. g3 e5 3. Bg2 g6 4. Nc3 Bg7 5. Rb1 a5 6. a3 f5 7. d3 Nf6 8. e3 O-O
9. Nge2 Ne7 10. f4 d6 11. O-O c6 12. b4 axb4 13. axb4 Be6 14. Qc2 Bf7 15. h3
exf4 16. exf4 d5 17. Rd1 Qc7 18. c5 d4 19. Nxd4 Ned5 20. Nce2 Rfe8 21. Nf3 Ne3
22. Bxe3 Rxe3 23. Ne5 Rxe5 24. fxe5 Qxe5 25. d4 Qe3+ 26. Kh2 Bd5 27. Qd2 Qe7
28. Nf4 Bxg2 29. Qxg2 Ne4 30. d5 cxd5 31. Nxd5 Qe5 32. Rd3 h5 33. h4 g5 34. Nb6
Re8 35. Nc4 Qf6 36. Nd6 Re7 37. Rf1 gxh4 38. Nxf5 hxg3+ 39. Kg1 Re5 40. Nxg3
Qe6 41. Nxe4 Rxe4 42. Rg3 Qe7 43. Rf5 Re1+ 44. Kh2 Qh4+ 45. Rh3 Qe7 46. Qd5+
1-0

[Event "Groningen Chess Festival 2010 - Open"]
[Site "Groningen NED"]
[Date "2010.12.30"]
[Round "9.18"]
[White "Donchenko, Alexander"]
[Black "Lambrechts, Koen"]
[Result "0-1"]
[WhiteElo "2207"]
[BlackElo "2174"]
[PlyCount "92"]
[EventDate "2010.12.21"]
[EventType "swiss"]
[EventRounds "9"]
[EventCountry "NED"]
[Source "lmi"]
[SourceDate "2010.12.21"]

1. d4 e6 2. c4 b6 3. g3 Bb7 4. Nf3 f5 5. Bg2 Nf6 6. O-O Be7 7. d5 Qc8 8. Nc3
O-O 9. a3 Re8 10. Re1 a5 11. Nd4 exd5 12. cxd5 g6 13. Bf4 Na6 14. Rc1 d6 15.
Ncb5 Qd7 16. b4 axb4 17. axb4 Bd8 18. Qb3 Qf7 19. Ne6 Rb8 20. Nbd4 Nh5 21. Bh6
Bf6 22. Nb5 Re7 23. Nexc7 Nxc7 24. Nxd6 Bxd5 25. Qd3 Be4 26. Nxe4 fxe4 27. Bxe4
Qe6 28. Bf3 Kh8 29. Rc6 Qf7 30. Be3 Rd7 31. Rd6 Rbd8 32. Rxd7 Rxd7 33. Qc2 b5
34. Bc6 Rd8 35. Qc5 Ng7 36. Qa7 Qe7 37. Bb6 Nge6 38. Qa5 Bd4 39. e3 Bxb6 40.
Qxb6 Qxb4 41. Ra1 Qd2 42. Ra7 Rf8 43. f4 Rd8 44. Bf3 Qc1+ 45. Kf2 Rd2+ 46. Be2
Qc4 0-1

[Event "Groningen Chess Festival 2010 - Open"]
[Site "Groningen NED"]
[Date "2010.12.30"]
[Round "9.19"]
[White "Van Overdam, Julian"]
[Black "Partenheimer, Axel"]
[Result "1/2-1/2"]
[WhiteElo "2122"]
[BlackElo "2201"]
[PlyCount "80"]
[EventDate "2010.12.21"]
[EventType "swiss"]
[EventRounds "9"]
[EventCountry "NED"]
[Source "lmi"]
[SourceDate "2010.12.21"]

1. e4 c5 2. Nc3 Nc6 3. Bb5 Nd4 4. Bc4 g6 5. Nce2 Bg7 6. Nxd4 cxd4 7. Qf3 Nh6 8.
Ne2 O-O 9. d3 Ng4 10. Qg3 d6 11. O-O Nf6 12. Bb3 Nd7 13. Bg5 Nc5 14. Qh4 Re8
15. Bc4 Qd7 16. f4 b5 17. Bd5 Bb7 18. Bxb7 Qxb7 19. f5 d5 20. e5 f6 21. Bh6
fxe5 22. fxg6 hxg6 23. Bxg7 Kxg7 24. Qg5 Qc7 25. Ng3 Rf8 26. Nf5+ Rxf5 27. Rxf5
Ne6 28. Qg4 Rh8 29. Rf2 Nf4 30. h4 Nh5 31. Re1 Nf6 32. Qg3 Rh5 33. Rfe2 Nd7 34.
Qg4 Qd6 35. c3 dxc3 36. bxc3 Nf6 37. Qg3 Qb6+ 38. Qf2 Qxf2+ 39. Rxf2 Rxh4 40.
g3 Rh8 1/2-1/2

[Event "Groningen Chess Festival 2010 - Open"]
[Site "Groningen NED"]
[Date "2010.12.30"]
[Round "9.22"]
[White "Kantans, Toms"]
[Black "Lampert, Jonas"]
[Result "1-0"]
[WhiteElo "2342"]
[BlackElo "2131"]
[PlyCount "85"]
[EventDate "2010.12.21"]
[EventType "swiss"]
[EventRounds "9"]
[EventCountry "NED"]
[Source "lmi"]
[SourceDate "2010.12.21"]

1. e4 e5 2. Nf3 Nf6 3. d4 Nxe4 4. Bd3 d5 5. dxe5 Be7 6. O-O O-O 7. c4 Nc6 8.
Qe2 Nc5 9. cxd5 Qxd5 10. Rd1 Nxd3 11. Rxd3 Qc4 12. Nbd2 Qa6 13. Qe4 Be6 14. Nf1
Qc4 15. Qxc4 Bxc4 16. Rd7 Rad8 17. Rxd8 Rxd8 18. Bf4 Nd4 19. Nxd4 Rxd4 20. Be3
Rd8 21. Rc1 Bxf1 22. Kxf1 c6 23. Ke2 a6 24. g4 Rd5 25. f4 Kf8 26. Kf3 Ke8 27.
Ke4 Bd8 28. h4 Ra5 29. a3 Rb5 30. Bd4 Bb6 31. Bc3 Rd5 32. h5 Ba5 33. b4 Bd8 34.
g5 f6 35. g6 hxg6 36. hxg6 Rd7 37. Rh1 fxe5 38. Rh8+ Ke7 39. Bxe5 Rd1 40. Bxg7
Rg1 41. Kf5 Kd7 42. Be5 Be7 43. Rh7 1-0

[Event "Groningen Chess Festival 2010 - Open"]
[Site "Groningen NED"]
[Date "2010.12.30"]
[Round "9.23"]
[White "Van Overdam, Jan"]
[Black "Maris, Ivo"]
[Result "1/2-1/2"]
[WhiteElo "2030"]
[BlackElo "1955"]
[PlyCount "97"]
[EventDate "2010.12.21"]
[EventType "swiss"]
[EventRounds "9"]
[EventCountry "NED"]
[Source "lmi"]
[SourceDate "2010.12.21"]

1. c4 Nf6 2. Nc3 e5 3. g3 d6 4. Bg2 Be7 5. d3 O-O 6. e4 c6 7. Nge2 a6 8. a4 a5
9. h3 Na6 10. O-O Nd7 11. Be3 Ndc5 12. d4 exd4 13. Nxd4 g6 14. f4 Bf6 15. g4
Qb6 16. Qe2 Qb4 17. Nc2 Qxb2 18. Rfb1 Qxc3 19. Ra3 Qxa3 20. Nxa3 Nxa4 21. Qc2
N6c5 22. g5 Be7 23. f5 Re8 24. Rf1 Bf8 25. Bd4 Bd7 26. Qf2 Nd3 27. Qf3 Ne5 28.
Bxe5 dxe5 29. fxg6 fxg6 30. Qf7+ Kh8 31. Qxd7 Red8 32. Qxb7 Bxa3 33. Rf7 Ra7
34. Rxh7+ Kg8 35. Qxa7 Bc5+ 36. Kh2 Bxa7 37. Rxa7 Nb2 38. Rxa5 Nxc4 39. Rc5 Ne3
40. Bf3 Rf8 41. Bg4 Nxg4+ 42. hxg4 Rc8 43. Rxe5 c5 44. Rd5 c4 45. Rd2 c3 46.
Rc2 Kf7 47. Kg3 Ke6 48. Kf4 Rc7 49. Ke3 1/2-1/2

[Event "Groningen Chess Festival 2010 - Open"]
[Site "Groningen NED"]
[Date "2010.12.30"]
[Round "9.24"]
[White "Theulings, Paul-Peter"]
[Black "Bijlsma, Nick"]
[Result "0-1"]
[WhiteElo "2132"]
[BlackElo "2133"]
[PlyCount "82"]
[EventDate "2010.12.21"]
[EventType "swiss"]
[EventRounds "9"]
[EventCountry "NED"]
[Source "lmi"]
[SourceDate "2010.12.21"]

1. Nf3 c5 2. c4 b6 3. g3 Bb7 4. Bg2 Nf6 5. O-O e6 6. Nc3 Be7 7. Re1 d6 8. e4 a6
9. d4 cxd4 10. Nxd4 Qc7 11. Be3 O-O 12. f4 Nc6 13. Rc1 Nxd4 14. Bxd4 Rad8 15.
Na4 Nd7 16. Qb3 Rb8 17. Bxb6 Nxb6 18. Qxb6 Qxb6+ 19. Nxb6 Bc6 20. c5 dxc5 21.
Nc4 Rfd8 22. Kf2 g5 23. Re2 Rd4 24. Rcc2 gxf4 25. gxf4 Rbd8 26. Re3 Bh4+ 27.
Ke2 f5 28. Ne5 Bb5+ 29. Kf3 Rd1 30. exf5 exf5 31. Bh3 R8d4 32. Bxf5 Rf1+ 33.
Kg2 Rfxf4 34. Be6+ Kg7 35. Rf3 Kf6 36. Re3 Bf1+ 37. Kg1 Rd1 38. Nd7+ Kg7 39.
Rg2+ Kh6 40. h3 Bxg2+ 41. Kxg2 Rf2# 0-1

[Event "Groningen Chess Festival 2010 - Open"]
[Site "Groningen NED"]
[Date "2010.12.30"]
[Round "9.25"]
[White "Kerigan, Demre"]
[Black "Ypma, Peter"]
[Result "1/2-1/2"]
[WhiteElo "2149"]
[BlackElo "2080"]
[PlyCount "67"]
[EventDate "2010.12.21"]
[EventType "swiss"]
[EventRounds "9"]
[EventCountry "NED"]
[Source "lmi"]
[SourceDate "2010.12.21"]

1. e4 e5 2. Nf3 Nc6 3. d4 exd4 4. Nxd4 Nf6 5. Nxc6 bxc6 6. e5 Qe7 7. Qe2 Nd5 8.
c4 Nb6 9. Nc3 Qe6 10. Qe4 Ba6 11. b3 Bb4 12. Bd2 Bxc3 13. Bxc3 d5 14. Qh4 dxc4
15. Be2 O-O 16. O-O Rad8 17. f4 f5 18. Bb4 Rf7 19. Rac1 Bb7 20. bxc4 Ba6 21.
Qf2 Rfd7 22. a4 Bxc4 23. Bxc4 Nxc4 24. Qc5 Nd2 25. Bxd2 Rxd2 26. Qxc6 Qxc6 27.
Rxc6 Rb8 28. Kh1 Rbb2 29. Rg1 Rbc2 30. Ra6 Rf2 31. Rxa7 Rxf4 32. h3 Re4 33. Rd1
Rxe5 34. Rd7 1/2-1/2